=LDR 00000nam 2200000 4500 =001 INLIS000000000029590 =005 20130612131819 =008 ***********************************Ind** =035 ##$$0010-061300000029590 =041 ##$$a Ind =082 ##$$a 379 =090 ##$$a 379, Cha k =100 ##$$a Chan, Sam M =245 ##$$a Kebijakan pendidikan era otonomi daerah, Sam M. Chan, Tuti T Sam =260 ##$$a 2006 $b Jakarta =300 ##$$a xvi, 210 hlm, 21 cm =650 ##$$a Pendidikan dan negara =850 ##$$a NBPNMAT =990 ##$$a 21400613/BPAP-NTB/20142014 =990 ##$$a 0001/BPAP-NTB/20142015